Guess the actor/actress by the movies - Statistics

General Stats
  • This quiz has been taken 795 times
  • The average score is 10 of 15
Answer Stats
Movies Answer % Correct
Rain man, Mission Impossible, Top gun Tom Cruise
83%
The wolf of Wallstreet, Focus, Barbie Margot Robbie
80%
La La Land, Drive, The gray man Ryan Gosling
80%
Spider-man: Homecoming, The greatest Showman, Dune Zendaya
78%
The amazing spider-man, Poor things, Easy A Emma Stone
76%
Harry Potter and the goblet of fire, The Batman, Twilight Robert Pattinson
75%
Sonic the hedgehog, Yes man, The Grinch who stole Christmas Jim Carrey
74%
Oppenheimer, Midsommar, Little women Florence Pugh
69%
Titanic, Avatar: The way of water, The reader Kate Winslet
58%
Fight Club, The incredible Hulk, Glass onion: A knives out mystery Edward Norton
56%
Shutter Island, The Avengers, Eternals sunshine of the spotless mind Mark Ruffalo
55%
Elvis, Once upon a time in Hollywood, The Bikeriders Austin Butler
52%
Beautiful boy, Crazy Stupid Love, Despicable me Steve Carell
52%
Fantastic Beasts and where to find them, The theory of everything, Les Miserables Eddie Redmayne
44%
War Dogs, The spectacular now, Top gun: Maverick Miles Teller
42%
No matching quizzes found
Score Distribution
Percent of People with Each Score
Percentile by Number Answered
Your Score History
You have not taken this quiz